Hebrew Alphabet Quiz Stats

 Plays Quiz Updated Jun 7, 2019

Score 0/22 Timer 05:00
22 Plays Today
Hebrew English % Correct
אAleph
95.5%
בBet
95%
גGimel
91.7%
הHe
89.6%
דDalet
85.8%
ן ,נNun
81.8%
שShin
79.9%
יYud
79.3%
ם ,מMem
79.2%
חChet
78.9%
טTet
78.8%
Hebrew English % Correct
לLamed
78.4%
וVav
78.3%
ף ,פPei
70.6%
תTav
70.2%
ך ,כKaph
70.1%
רResh
68.5%
סSamekh
64.3%
קQoph
62%
עAyin
61.7%
זZayin
60.3%
ץ ,צTsadeTsadi
58.2%

You're not logged in!

Compare scores with friends on all Sporcle quizzes.
OR
Log In

Sporcle TV

Today on Sporcle TV


Watch our educational content, quiz creation guides, and fun videos on Sporcle TV.

Show Comments

Extras

Top Quizzes Today


Score Distribution

Your Account Isn't Verified!

In order to create a playlist on Sporcle, you need to verify the email address you used during registration. Go to your Sporcle Settings to finish the process.

Report this User

Report this user for behavior that violates our Community Guidelines.

Details: